[Event "Nezhmetdinov Memorial 30th"]
[Site "Kazan"]
[Date "2008.06.01"]
[Round "1"]
[White "Naumov, Danila"]
[Black "Ozolin, Maxim"]
[Result "1/2-1/2"]
[WhiteElo "2049"]
[BlackElo "2367"]
[PlyCount "41"]
[EventDate "2008.06.01"]
[EventType "swiss"]
[EventRounds "9"]
[EventCountry "RUS"]
[SourceTitle "EXT 2009"]
[Source "ChessBase"]
[SourceDate "2008.11.26"]
[SourceVersion "1"]
[SourceVersionDate "2008.11.26"]
[SourceQuality "1"]

1. d4 Nf6 2. c4 g6 3. Nc3 Bg7 4. Nf3 0-0 5. Bg5 d6 6. e3 Nbd7 7. Be2 b6 8. 0-0 Bb7 9. Qc2 h6 10. Bh4 e5 11. Nd5 e4 12. Nxf6+ Nxf6 13. Nd2 g5 14. Bg3 c5 15. d5 Qe7 16. Rae1 Rae8 17. f3 Nh5 18. Bf2 Nf6 19. Bg3 Nh5 20. Bf2 Nf6 21. Bg3 1/2-1/2

[Event "Kazan Region-ch 6th"]
[Site "Kazan"]
[Date "2008.01.30"]
[Round "8"]
[White "Naumov, Danila"]
[Black "Protsenko, Elina"]
[Result "0-1"]
[WhiteElo "2076"]
[BlackElo "1850"]
[PlyCount "40"]
[EventDate "2008.01.23"]
[EventType "swiss"]
[EventRounds "9"]
[EventCountry "RUS"]
[SourceTitle "CBM 122 Extra"]
[Source "ChessBase"]
[SourceDate "2008.03.04"]
[SourceVersion "1"]
[SourceVersionDate "2008.03.04"]
[SourceQuality "1"]

1. d4 f5 2. Nf3 e6 3. e4 fxe4 4. Ng5 Nf6 5. f3 exf3 6. Qxf3 Be7 7. Bd3 0-0 8. 0-0 h6 9. Nc3 Qe8 10. Nge4 Nc6 11. Be3 Nd5 12. Qg3 Rxf1+ 13. Rxf1 Nxe3 14. Qxe3 d5 15. Nxd5 exd5 16. Nf6+ gxf6 17. Rf3 Qh5 18. Rg3+ Kf8 19. Rg6 f5 20. Qg3 Bg5 0-1

[Event "Kazan Region-ch 6th"]
[Site "Kazan"]
[Date "2008.01.25"]
[Round "3"]
[White "Akhmadeev, Valery Rimovich"]
[Black "Naumov, Danila"]
[Result "1/2-1/2"]
[WhiteElo "2221"]
[BlackElo "2076"]
[PlyCount "57"]
[EventDate "2008.01.23"]
[EventType "swiss"]
[EventRounds "9"]
[EventCountry "RUS"]
[SourceTitle "CBM 122 Extra"]
[Source "ChessBase"]
[SourceDate "2008.03.04"]
[SourceVersion "1"]
[SourceVersionDate "2008.03.04"]
[SourceQuality "1"]

1. d4 Nf6 2. c4 e6 3. Nc3 Bb4 4. e3 d5 5. Bd3 0-0 6. Nge2 b6 7. a3 Bxc3+ 8. Nxc3 Bb7 9. 0-0 c5 10. cxd5 cxd4 11. exd4 Nxd5 12. Re1 Nd7 13. Nxd5 Bxd5 14. Qh5 f5 15. Bg5 Nf6 16. Qe2 h6 17. Bf4 Ne4 18. Rac1 Rc8 19. Ba6 Rxc1 20. Rxc1 Qh4 21. g3 Qh3 22. Qf1 Ng5 23. Bxg5 Qxf1+ 24. Kxf1 hxg5 25. Rc7 Rf7 26. Rxf7 Kxf7 27. Ke2 f4 28. Kd2 Ke7 29. Be2 1/2-1/2

[Event "Tatarstan-ch op"]
[Site "Kazan"]
[Date "2007.08.24"]
[Round "5"]
[White "Yarullina, Alina"]
[Black "Naumov, Danila"]
[Result "1/2-1/2"]
[WhiteElo "1998"]
[BlackElo "2115"]
[PlyCount "103"]
[EventDate "2007.08.20"]
[EventType "swiss"]
[EventRounds "9"]
[EventCountry "RUS"]
[SourceTitle "EXT 2009"]
[Source "ChessBase"]
[SourceDate "2008.11.26"]
[SourceVersion "1"]
[SourceVersionDate "2008.11.26"]
[SourceQuality "1"]

1. e4 c5 2. Nf3 d6 3. Bc4 Nf6 4. e5 dxe5 5. Nxe5 e6 6. Qe2 Bd6 7. b3 0-0 8. Bb2 Bxe5 9. Qxe5 Qe7 10. 0-0 Nc6 11. Qe3 Rd8 12. c3 Qd6 13. f4 e5 14. h3 b6 15. f5 Bb7 16. Rf2 a6 17. b4 Ne7 18. bxc5 bxc5 19. Re2 Be4 20. Ba3 Rac8 21. g4 h6 22. Bb2 Rd7 23. Na3 Ba8 24. Qxe5 Qc6 25. Qh2 Ne4 26. d3 Ng5 27. Kf1 Qf3+ 28. Rf2 Qxh3+ 29. Qxh3 Nxh3 30. Rh2 Nf4 31. Bxa6 Ned5 32. Kf2 Rcc7 33. Re1 Re7 34. Rxe7 Rxe7 35. Kg3 Ne2+ 36. Kh4 Nexc3 37. Bc4 Nd1 38. Bc1 N1c3 39. Bb3 Nf4 40. Nc4 g5+ 41. fxg6 Nxg6+ 42. Kh3 Nd5 43. Rf2 Re1 44. Bd2 Rh1+ 45. Kg3 Nc7 46. Ne3 Rg1+ 47. Kh3 Ne6 48. Nf5 Rh1+ 49. Kg3 Rg1+ 50. Kh3 Rh1+ 51. Kg3 Rg1+ 52. Kh3 1/2-1/2

[Event "Kazan-ch"]
[Site "Kazan"]
[Date "2006.12.05"]
[Round "9"]
[White "Naumov, Danila"]
[Black "Sharafiev, Azat"]
[Result "0-1"]
[WhiteElo "2068"]
[BlackElo "2294"]
[PlyCount "96"]
[EventDate "2006.11.21"]
[EventType "swiss"]
[EventRounds "11"]
[EventCountry "RUS"]
[SourceTitle "EXT 2019"]
[Source "ChessBase"]
[SourceDate "2018.10.10"]
[SourceVersion "1"]
[SourceVersionDate "2018.10.10"]
[SourceQuality "1"]

1. d4 g6 2. Nf3 Bg7 3. g3 d6 4. Bg2 Nf6 5. 0-0 0-0 6. c3 Nbd7 7. Qc2 e5 8. dxe5 dxe5 9. Rd1 Qe7 10. Nbd2 e4 11. Nd4 e3 12. Ne4 exf2+ 13. Nxf2 Ne5 14. Bg5 h6 15. Bxf6 Bxf6 16. Qb3 h5 17. Nf3 Ng4 18. Nxg4 hxg4 19. Nd4 Bxd4+ 20. Rxd4 Qxe2 21. Bd5 Qe3+ 22. Kh1 c6 23. Bg2 Qe7 24. Qb4 c5 25. Re4 Be6 26. Qb5 Rad8 27. Qe2 Qd7 28. Rf1 b6 29. a3 Kg7 30. Kg1 Rh8 31. Ref4 Rh5 32. R4f2 Qd6 33. Be4 Rdh8 34. Qd2 Qc7 35. Rd1 Bb3 36. Rdf1 f5 37. Bh1 Qxg3+ 38. Rg2 Qc7 39. c4 Bxc4 40. Qc3+ Kf8 41. Qf6+ Qf7 42. Qd6+ Qe7 43. Qf4 Bxf1 44. Rxg4 Rh4 45. Rxh4 Rxh4 46. Qb8+ Kg7 47. Kxf1 Qe3 48. Qc7+ Kh6 0-1